|
|
|
|
| LEADER |
02045nam a2200289 i 4500 |
| 001 |
10019357 |
| 003 |
GR-PaULI |
| 005 |
20240115110517.0 |
| 008 |
881025s2009 gr g d gre d |
| 952 |
|
|
|0 0
|1 0
|2 ddc
|4 0
|6 Π_483_000000000000000_ΠΑΠ
|7 0
|9 233682
|a LISP
|b LISP
|c REF
|d 2019-07-08
|i 141219
|l 0
|o Π 483 ΠΑΠ
|p 025000264019
|r 2019-07-08 00:00:00
|t 1
|v 2019.00
|w 2019-07-08
|y BKN
|
| 952 |
|
|
|0 0
|1 0
|2 ddc
|4 0
|6 Π_483_000000000000000_ΠΑΠ
|7 0
|9 233683
|a LISP
|b LISP
|c REF
|d 2019-07-08
|i 141218
|l 0
|o Π 483 ΠΑΠ
|p 025000264020
|r 2019-07-08 00:00:00
|t 2
|v 2019.00
|w 2019-07-08
|y BK15
|
| 952 |
|
|
|0 0
|1 0
|2 ddc
|4 0
|6 Π_483_000000000000000_ΠΑΠ
|7 0
|9 233929
|a LISP
|b LISP
|c BSC
|d 2019-07-12
|i 140651
|l 0
|o Π 483 ΠΑΠ
|p 025000262642
|r 2019-07-12 00:00:00
|t 3
|v 2019.00
|w 2019-07-12
|y BK15
|
| 999 |
|
|
|c 141788
|d 141788
|
| 020 |
|
|
|a 9789602060506
|
| 040 |
|
|
|a GR-PaULI
|c GR-PaULI
|b gre
|e AACR2
|
| 082 |
0 |
4 |
|a 483
|2 23
|
| 100 |
1 |
|
|a Παπανικολάου, Γεώργιος Ν.,
|d 1883-1962,
|9 82147
|e συγγραφέας.
|
| 245 |
1 |
0 |
|a Λεξικόν των ρημάτων της αττικής πεζογραφίας :
|b μετά στοιχείων διαλεκτολογίας και γενικής γλωσσικής (περιέχονται ποιητικοί, μεταγενέστεροι και νεοελληνικοί τύποι) /
|c Γεωργίου Ν. Παπανικολάου.
|
| 246 |
1 |
0 |
|i Τίτλος ράχης :
|a Λεξικόν των ρημάτων της αττικής πεζογραφίας :
|b τόμοι 1 & 2 (Α - Ω)
|
| 250 |
|
|
|a 10η έκδ.
|
| 260 |
|
|
|a Αθήνα :
|b Παπαδήμας,
|c 2009.
|
| 300 |
|
|
|a 1125 σ. ;
|c 25 εκ
|
| 500 |
|
|
|a Προς χρήσιν των επιστημόνων και ιδία, των καθηγητών, φοιτητών και μαθητών των σχολείων μέσης εκπαιδεύσεως.
|
| 505 |
1 |
|
|a Περιλαμβάνει βιβλιογραφία.
|
| 650 |
|
0 |
|a Ελληνική γλώσσα, Αρχαία
|x Ρήμα
|x Λεξικά
|9 80327
|
| 942 |
|
|
|2 ddc
|c BKN
|
| 998 |
|
|
|b ΛΟΤΣΑΡΗ
|d 2019-07
|